000 00687nam a2200229 i 4500
003 DO-SdBNP
005 20230606084820.0
007 ta
008 230606b1961 mx ||||| |||| 00| 0 spa d
040 _aDO-SdBNP
_bspa
_cBNPHU
_erda
082 4 _222
100 _915030
_aJardiel Poncela, Enrique,
_d1901-1952
_eautor
245 1 0 _aUna letra protestada y una a la vista /
_cEnrique Jardiel Poncela
264 _aMéxico :
_bLatino Americana,
_c1961.
300 _a275 páginas ;
_c20 cm.
336 _2rdacontent
_atexto
_btxt
337 _2rdamedia
_asin mediación
_bn
338 _2rdacarrier
_avolumen
_bnc
590 _aInventariado, 2023/BT
910 _aBtavárez
942 _2ddc
_cLBS1
999 _c53725
_d53725